Cultural Nationalism : The Making of an Indian Nation (Record no. 23313)

MARC details
000 -LEADER
fixed length control field 00289nam a22001217a 4500
082 ## - DEWEY DECIMAL CLASSIFICATION NUMBER
Classification number 324.245
Author Cutter VIC
100 ## - MAIN ENTRY--AUTHOR NAME
Author name Victus Solomon
245 ## - TITLE STATEMENT
Title Cultural Nationalism : The Making of an Indian Nation
260 ## - PUBLICATION, DISTRIBUTION, ETC. (IMPRINT)
Place of publication Serampore
Name of publisher SATHRI
Year of publication 2021
650 ## - SUBJECT ADDED ENTRY--TOPICAL TERM
Topical Term HINDUTVA
942 ## - ADDED ENTRY ELEMENTS (KOHA)
Koha item type Books
Holdings
Home library Current library Shelving location Date acquired Source of acquisition Cost, normal purchase price Full call number Accession Number Koha item type
Henry Martyn Institute Library Henry Martyn Institute Library General stacks 06/19/2023 AARC 550.00 324.245 VIC 25863 Books
                   Copyright © 2026 | Henry Martyn Institute | Hyderabad | TS-500052 | INDIA | Implemented by hmi.edu.in
Hit-Count:

Powered by Koha